000 00507nam a2200169Ia 4500
999 _c35943
_d35943
003 OSt
005 20201230113946.0
008 190216s9999||||xx |||||||||||||| ||und||
040 _coclc
082 _a001.42
_bWIL/M
100 _aWilkinson, T S
_97978
245 0 _aMethodology And Techniques Of Social Research /
_cT S Wilkinson
260 _bHimalaya Publishing House,
_c1986.
_aBombay:
300 _a440p
650 _aSociology
942 _cBK
_2ddc
_h001.42
_iWIL/M
_k001.42
_mWIL/M